000 00302nam a22001337a 4500
008 180224b xxu||||| |||| 00| 0 eng d
020 _a9780077296728
041 _aeng
080 _a575
100 _a5
101 _aBIOK
245 _aGeneral, Organic, & Biochemistry
_cHenrickson
942 _2udc
_cBK
999 _c43376
_d43376